000 00529nam a2200169 4500
001 116424
003 ES-MaACL
005 20230906190714.0
007 t|
008 061121s1967 sp r ||||1| spa d
100 1 _aOsten-Sacken, Peter von der.
_987810
245 1 0 _aA través del espacio y del tiempo /
_cPeter von der Osten-Sacken ; versión española de Carlota Romero.
260 _aMadrid :
_bGredos,
_c1967.
300 _a391 p. ;
_c19 cm.
700 1 _aRomero, Carlota.
_999309
852 _aES-MaACL
_jC-32645
_bR.63108
999 _c116424
_d116424